00267 a2200121 4500001000700000020001800007040003500025100001400060240002800074245002300102300001100125362000900136157247 a9788599296837 cEscola São Tomás de Aquino aRAND, Ayn10aA revolta de Atlaslpor10aA revolta de Atlas a351 p.0 a2010